[Event "Basel Special op"]
[Site "Basel"]
[Date "2021.07.20"]
[Round "6"]
[White "Basel, Moritz"]
[Black "Heron, Steve"]
[Result "1-0"]
[WhiteElo "1857"]
[BlackElo "1580"]
[PlyCount "53"]
[EventDate "2021.07.17"]
[EventType "swiss"]
[EventRounds "6"]
[EventCountry "SUI"]
[SourceTitle "CBM 203 Extra"]
[Source "ChessBase"]
[SourceDate "2021.09.30"]
[SourceVersion "1"]
[SourceVersionDate "2021.09.30"]
[SourceQuality "1"]

1. d4 Nf6 2. c4 g6 3. Nc3 Bg7 4. e4 d6 5. Nf3 0-0 6. Be2 c5 7. h3 Nc6 8. Be3 b6 9. g4 Bb7 10. d5 Nb8 11. g5 Nfd7 12. h4 Ne5 13. Nxe5 dxe5 14. Bg4 Bc8 15. h5 Na6 16. Qf3 Nb4 17. 0-0-0 Bxg4 18. Qxg4 Qc8 19. Qh4 f5 20. hxg6 hxg6 21. Qh7+ Kf7 22. Rh6 fxe4 23. Qxg6+ Kg8 24. Rh7 Rf7 25. Rdh1 Nd3+ 26. Kb1 Qf5 27. Rh8# 1-0

[Event "Unterfranken-ch69 M2"]
[Site "Schweinfurt"]
[Date "2018.04.06"]
[Round "8"]
[White "Basel, Moritz"]
[Black "Linz, Maximilian"]
[Result "1-0"]
[WhiteElo "1871"]
[BlackElo "1655"]
[PlyCount "81"]
[EventDate "2018.04.02"]
[EventType "swiss"]
[EventRounds "9"]
[EventCountry "GER"]
[SourceTitle "EXT 2019"]
[Source "ChessBase"]
[SourceDate "2018.10.10"]
[SourceVersion "1"]
[SourceVersionDate "2018.10.10"]
[SourceQuality "1"]

1. d4 Nf6 2. c4 c5 3. Nf3 cxd4 4. Nxd4 Nc6 5. Nc3 g6 6. e4 d6 7. h3 Bg7 8. Be3 Bd7 9. Be2 a6 10. Qd2 Qc7 11. Rc1 Qd8 12. 0-0 0-0 13. f4 Nxd4 14. Bxd4 Bc6 15. Bf3 Nd7 16. Bxg7 Kxg7 17. Qd4+ Kg8 18. Nd5 b6 19. b4 a5 20. a3 axb4 21. axb4 Ra4 22. Ra1 e6 23. Rxa4 Bxa4 24. Nc3 Bc6 25. Qxd6 Qc8 26. Rd1 Nf6 27. Qe7 Kg7 28. Qd6 Kg8 29. Qd4 Kg7 30. g4 e5 31. fxe5 Ng8 32. Nd5 b5 33. c5 Qa6 34. e6+ f6 35. g5 Qa3 36. Bg2 Qb3 37. e7 Rf7 38. Rf1 Bd7 39. gxf6+ Nxf6 40. Nxf6 Bxh3 41. Ng4+ 1-0

[Event "Unterfranken-ch69 M2"]
[Site "Schweinfurt"]
[Date "2018.04.06"]
[Round "7"]
[White "Boeckler, Michael"]
[Black "Basel, Moritz"]
[Result "1-0"]
[WhiteElo "1730"]
[BlackElo "1871"]
[PlyCount "55"]
[EventDate "2018.04.02"]
[EventType "swiss"]
[EventRounds "9"]
[EventCountry "GER"]
[SourceTitle "EXT 2019"]
[Source "ChessBase"]
[SourceDate "2018.10.10"]
[SourceVersion "1"]
[SourceVersionDate "2018.10.10"]
[SourceQuality "1"]

1. d4 Nf6 2. Bf4 d5 3. e3 e6 4. Nf3 c5 5. c3 Nc6 6. Bb5 Bd7 7. Bxc6 Bxc6 8. 0-0 Be7 9. Nbd2 Nh5 10. Bg3 Nxg3 11. hxg3 0-0 12. g4 b6 13. Re1 Rc8 14. Ne5 Bb7 15. g3 f6 16. Nef3 Bd6 17. Kg2 e5 18. Rh1 Qd7 19. Nh4 cxd4 20. exd4 Rce8 21. Nf5 e4 22. Nf1 Ba6 23. N1e3 Bc7 24. Qb3 Rd8 25. Nxd5 Kh8 26. Rxh7+ Kxh7 27. Rh1+ Kg6 28. Nde7+ 1-0

[Event "Unterfranken-ch HA 63th"]
[Site "Schweinfurt"]
[Date "2012.04.10"]
[Round "2"]
[White "Hinterleitner, Gerhard"]
[Black "Basel, Moritz"]
[Result "1/2-1/2"]
[WhiteElo "1756"]
[BlackElo "1553"]
[PlyCount "32"]
[EventDate "2012.04.09"]
[EventType "swiss"]
[EventRounds "9"]
[EventCountry "GER"]
[SourceTitle "EXT 2015"]
[Source "ChessBase"]
[SourceDate "2014.11.20"]
[SourceVersion "1"]
[SourceVersionDate "2014.11.20"]
[SourceQuality "1"]

1. d4 d5 2. c4 e6 3. Nc3 Nf6 4. Bg5 Nbd7 5. e3 Be7 6. Qc2 c6 7. Nf3 0-0 8. Bd3 dxc4 9. Bxc4 Nd5 10. Bxe7 Qxe7 11. 0-0 Re8 12. Rfd1 b6 13. Nxd5 cxd5 14. Bd3 Nf6 15. Rac1 Bd7 16. Ne5 Rec8 1/2-1/2

[Event "Unterfranken-ch HA 60th"]
[Site "Obernau"]
[Date "2009.04.16"]
[Round "6"]
[White "Basel, Moritz"]
[Black "Schwarz, Dominik"]
[Result "1-0"]
[WhiteElo "1355"]
[BlackElo "933"]
[PlyCount "45"]
[EventDate "2009.04.13"]
[EventType "swiss"]
[EventRounds "9"]
[EventCountry "GER"]
[SourceTitle "EXT 2015"]
[Source "ChessBase"]
[SourceDate "2014.11.20"]
[SourceVersion "1"]
[SourceVersionDate "2014.11.20"]
[SourceQuality "1"]

1. d4 Nf6 2. c4 g6 3. Nc3 Bg7 4. e4 d6 5. Nf3 0-0 6. Be2 c5 7. d5 e5 8. dxe6 Bxe6 9. Bf4 Ne8 10. Qd2 f5 11. Ng5 Qe7 12. Nxe6 Qxe6 13. Nb5 Qxe4 14. f3 Qc6 15. Bh6 Rf6 16. Bxg7 Kxg7 17. 0-0-0 a6 18. Nc3 Nd7 19. Nd5 Re6 20. f4 Re4 21. Qc3+ Kg8 22. Bf3 Re6 23. Ne7+ 1-0

[Event "Unterfranken-ch HA 60th"]
[Site "Obernau"]
[Date "2009.04.13"]
[Round "1"]
[White "Basel, Moritz"]
[Black "Krug, Rudi"]
[Result "1/2-1/2"]
[WhiteElo "1355"]
[BlackElo "1669"]
[PlyCount "58"]
[EventDate "2009.04.13"]
[EventType "swiss"]
[EventRounds "9"]
[EventCountry "GER"]
[SourceTitle "EXT 2015"]
[Source "ChessBase"]
[SourceDate "2014.11.20"]
[SourceVersion "1"]
[SourceVersionDate "2014.11.20"]
[SourceQuality "1"]

1. d4 c6 2. e4 g6 3. c4 Bg7 4. Nf3 d6 5. Nc3 Bg4 6. Be2 e6 7. h3 Bxf3 8. Bxf3 Ne7 9. Bg5 h6 10. Be3 0-0 11. Qd2 Kh7 12. h4 Ng8 13. Be2 e5 14. Bg5 f6 15. Be3 Na6 16. h5 g5 17. Bd3 Nc7 18. d5 c5 19. Be2 Rb8 20. a4 b6 21. Nb5 a6 22. Nxc7 Qxc7 23. Qd3 Rb7 24. Bd2 Ne7 25. Bg4 Rfb8 26. Bc3 Kh8 27. Kd2 Ra7 28. Be6 Rba8 29. Ra3 a5 1/2-1/2

[Event "Unterfranken-ch HA 60th"]
[Site "Obernau"]
[Date "2009.04.13"]
[Round "2"]
[White "Krausert, Helmut"]
[Black "Basel, Moritz"]
[Result "1-0"]
[WhiteElo "1816"]
[BlackElo "1355"]
[PlyCount "75"]
[EventDate "2009.04.13"]
[EventType "swiss"]
[EventRounds "9"]
[EventCountry "GER"]
[SourceTitle "EXT 2015"]
[Source "ChessBase"]
[SourceDate "2014.11.20"]
[SourceVersion "1"]
[SourceVersionDate "2014.11.20"]
[SourceQuality "1"]

1. Nf3 Nf6 2. g3 g6 3. Bg2 Bg7 4. 0-0 d6 5. d4 0-0 6. c3 Nbd7 7. Nbd2 c5 8. e4 cxd4 9. cxd4 e5 10. d5 Nc5 11. Qc2 Bg4 12. b4 Ncd7 13. h3 Bxf3 14. Nxf3 h6 15. Be3 Rc8 16. Qd3 Nb6 17. Rfc1 Nbxd5 18. Bxa7 Nxb4 19. Qb3 Nc6 20. Bb6 Qd7 21. Nh4 Qe7 22. Nxg6 Qe8 23. Nxf8 Bxf8 24. a4 Nd7 25. Be3 Na5 26. Qb5 Rxc1+ 27. Rxc1 Qd8 28. Bd2 b6 29. Bxa5 bxa5 30. h4 Nc5 31. Rd1 Be7 32. Bf3 Qa8 33. Rd5 f6 34. Qc4 Kg7 35. Bh5 Ne6 36. Rb5 Nd8 37. Qc7 Kf8 38. Rb8 1-0

[Event "Unterfranken-ch HA 59th"]
[Site "Rieneck"]
[Date "2008.03.29"]
[Round "9"]
[White "Kraus, Arnold"]
[Black "Basel, Moritz"]
[Result "1-0"]
[WhiteElo "1741"]
[BlackElo "1125"]
[PlyCount "55"]
[EventDate "2008.03.24"]
[EventType "swiss"]
[EventRounds "9"]
[EventCountry "GER"]
[SourceTitle "EXT 2015"]
[Source "ChessBase"]
[SourceDate "2014.11.20"]
[SourceVersion "1"]
[SourceVersionDate "2014.11.20"]
[SourceQuality "1"]

1. Nf3 Nf6 2. d4 d5 3. c4 e6 4. g3 c6 5. Bg2 Be7 6. 0-0 0-0 7. Nc3 Nbd7 8. c5 b6 9. b4 Ba6 10. Re1 Re8 11. Qc2 Bf8 12. e4 Re7 13. Bg5 h6 14. Bxf6 Nxf6 15. exd5 exd5 16. a4 bxc5 17. dxc5 Rxe1+ 18. Rxe1 Bb7 19. Nd4 a5 20. b5 Bxc5 21. bxc6 Bxd4 22. cxb7 Rb8 23. Nb5 Bb6 24. Qc6 d4 25. Nd6 Bc7 26. Nc8 Qd7 27. Qxd7 Nxd7 28. Re7 1-0

[Event "Unterfranken-ch HA 59th"]
[Site "Rieneck"]
[Date "2008.03.26"]
[Round "4"]
[White "Wirth, Rouven"]
[Black "Basel, Moritz"]
[Result "0-1"]
[WhiteElo "778"]
[BlackElo "1125"]
[PlyCount "116"]
[EventDate "2008.03.24"]
[EventType "swiss"]
[EventRounds "9"]
[EventCountry "GER"]
[SourceTitle "EXT 2015"]
[Source "ChessBase"]
[SourceDate "2014.11.20"]
[SourceVersion "1"]
[SourceVersionDate "2014.11.20"]
[SourceQuality "1"]

1. e4 e5 2. Nf3 Nc6 3. Bc4 Bc5 4. d3 d6 5. Ng5 d5 6. exd5 Na5 7. Bb5+ c6 8. Ba4 b5 9. Bb3 Nxb3 10. axb3 cxd5 11. 0-0 a6 12. Nf3 f6 13. c3 Bd6 14. d4 e4 15. Nh4 Kf7 16. Na3 Bxa3 17. Rxa3 g5 18. Nf3 exf3 19. Qxf3 Be6 20. Qh5+ Kf8 21. Rxa6 Qd7 22. Re1 Bf7 23. Qf3 Re8 24. Re3 Rxe3 25. Bxe3 Bg6 26. c4 Be4 27. Qh5 dxc4 28. bxc4 bxc4 29. f3 Bd5 30. g3 Kg7 31. f4 Qe7 32. Bd2 Qe4 33. Qh3 Qxd4+ 34. Kf1 c3 35. Bxc3 Qd3+ 36. Kg1 Qxa6 37. Qd7+ Bf7 38. f5 Qb6+ 39. Kg2 Qc5 40. g4 Qd5+ 41. Qxd5 Bxd5+ 42. Kh3 Ne7 43. Bb4 Kf7 44. Bxe7 Kxe7 45. b4 Bg2+ 46. Kxg2 Rb8 47. h4 Rxb4 48. Kg3 Kd6 49. hxg5 fxg5 50. Kf3 Kd5 51. Kg3 Rb3+ 52. Kf2 Ke4 53. Ke2 Rb2+ 54. Kd1 Kd3 55. Kc1 Rh2 56. Kb1 Kc3 57. Ka1 Kb3 58. Kb1 Rh1# 0-1